000 01377nam a2200409 i 4500
001 9253
003 KOSZ 005
005 20191012105747.0
008 070608s1970 pl f 000 0 pol
015 _aPB 1971/2360
035 _a(PL-WaBN)b20091710-48omnis_nlop
035 _ab20091710
035 _a(OCoLC)830902523
035 _a(PL)b0000020091710
040 _aWA N
_cWA N
_dKOSZ 005/RW
046 _k1970
080 _a37.015.3
100 1 _aTomaszewski, Tadeusz
_d(1910-2000).
_eAutor
245 1 0 _aZ pogranicza psychologii i pedagogiki /
_cTadeusz Tomaszewski.
260 _aWarszawa :
_bPaństwowe Zakłady Wydawnictw Szkolnych,
_c1970.
300 _a259, [1] stron ;
_c23 cm.
336 _aTekst
_btxt
_2rdacontent
337 _aBez urządzenia pośredniczącego
_bn
_2rdamedia
338 _aWolumin
_bnc
_2rdacarrier
380 _aKsiążki
388 _a1901-2000
500 _aMiędzynarodowy Rok Oświaty 1970.
650 7 _aPsychologia nauczania
_2DBN
658 _aEdukacja i pedagogika
658 _aPsychologia
650 7 _aPsychologia wychowawcza
_2DBN
650 7 _aPedagogika
_2DBN
710 2 _aPaństwowe Zakłady Wydawnictw Szkolnych
_4pbl
856 _uhttp://koha.tu.koszalin.pl/cgi-bin/koha/opac-detail.pl?biblionumber=9253
_yKatalog online BPK
942 _2UKD
_cKS
999 _c9253
_d9253